01014cam a2200289 a 4500001001000000003000900010005001700019007000300036008004100039020001500080040002500095082002200120100002600142240002800168245006400196260004500260300002100305590002600326650003100352650003500383700003400418910001100452942001400463952011600477952011600593999001500709000003647DO-SdBNP20220217100246.0ta971203e1998 sp er 001 f spa  a8440681798 aDO-SdBNPbspacBNPHU 4222a813.54bG869c1 aGrisham, John.911177 aThe street lawyer lspa10aCausa justa /cJohn Grisham ; Traducción, Antonio Menini. aBarcelona, España :bGrupo Zeta,c1998 a414 p. ;c22 cm. aIventariado 2022 / MF 4aNovela estadounidense9262 4aLiteratura estadounidense92631 aMenini, Antonioetrad.911187 aMFeliz 2ddccLBS1 00102ddc56708GRaBNPHUbBNPHUcHDd2009-07-11oBNPHU GR 813.54 G869cp3647-10r2020-06-25w2020-06-25yLBS1 00102ddc56708GRaBNPHUbBNPHUcMId2009-07-11oBNPHU GR 813.54 G869cp3647-20r2022-02-16w2022-02-16yLBS1 c3470d3470